|
|
|
|
| LEADER |
00000nam0a2200000 4500 |
| 001 |
101122 |
| 005 |
20231101214340.0 |
| 020 |
|
|
|a RU
|b 87-11062
|
| 035 |
|
|
|a (RuTPU)RU\TPU\book\108880
|
| 090 |
|
|
|a 101122
|
| 100 |
|
|
|a 20060831d1987 m y0rusy5003 ca
|
| 101 |
0 |
|
|a rus
|
| 102 |
|
|
|a RU
|
| 105 |
|
|
|a a z 000ay
|
| 200 |
1 |
|
|a Судьба человека
|e Рассказы : [Для сред. и ст. шк. возраста]
|f Михаил Шолохов
|g Худож. С. А. Трофимов
|
| 210 |
|
|
|a Москва
|c Советская Россия
|d 1987
|
| 215 |
|
|
|a 126,[2] с.
|c цв. ил.
|d 17 см
|
| 464 |
|
|
|t Судьба человека
|
| 464 |
|
|
|t Нахаленок
|
| 610 |
1 |
|
|a советская литература
|
| 610 |
1 |
|
|a рассказы
|
| 675 |
|
|
|a Р2
|z rus
|v 3
|
| 700 |
|
1 |
|a Шолохов
|b М. А.
|c русский писатель
|c академик АН СССР
|f 1905-1984
|g Михаил Александрович
|2 stltpush
|3 (RuTPU)RU\TPU\pers\495
|9 236
|
| 801 |
|
0 |
|a RU
|b RuMRKP
|c 19950417
|g psbo
|
| 801 |
|
1 |
|a RU
|b 63413507
|c 20060831
|g PSBO
|
| 801 |
|
2 |
|a RU
|b 63413507
|c 20150411
|g PSBO
|
| 942 |
|
|
|c BK
|